000 00421nam a2200121Ia 4500
008 220616s9999||||xx |||||||||||||| ||und||
100 _aKrommendijk, Jasper
245 0 _aNational Courts and Preliminary References to the Court of Justice
546 _aEnglish[eng]
650 _anational courts; court of justice; ECJ
856 _uhttps://library.oapen.org/bitstream/20.500.12657/53405/1/9781800374164.pdf
942 _cEB
999 _c19769
_d19769